Manual de seguridad para buques pesqueros menores
Salvato in:
| Ente Autore: | |
|---|---|
| Natura: | Libro |
| Lingua: | spagnolo |
| Pubblicazione: |
Valparaíso
Imprenta de la Armada
1999
|
| Soggetti: | |
| Tags: |
Aggiungi Tag
Nessun Tag, puoi essere il primo ad aggiungerne!!
|
MARC
| LEADER | 00000nam a2200000 a 4500 | ||
|---|---|---|---|
| 001 | UCM9151 | ||
| 003 | CL-VaPUC | ||
| 008 | 030411e19990000CL |||||||||||||||||spa|d | ||
| 082 | 0 | 4 | |a 629.042 |b DIR |2 21 |
| 110 | 2 | |a Dirección General del Territorio Marítimo y de Marina Mercante |e author |9 475569 | |
| 245 | 1 | 0 | |a Manual de seguridad para buques pesqueros menores |
| 300 | |a 91 p | ||
| 942 | |c BK | ||
| 945 | |d 20030411 00:00:00 |a cmena | ||
| 260 | |a Valparaíso |b Imprenta de la Armada |c 1999 | ||
| 650 | 7 | |a SEGURIDAD MARITIMA |2 CL-VaPUC |9 339685 | |
| 650 | 7 | |a BUQUES PESQUEROS |2 CL-VaPUC |9 339686 | |
| 650 | 0 | |a Seguridad en el trabajo |9 339687 | |
| 650 | 7 | |a DISPOSITIVOS DE SEGURIDAD |2 CL-VaPUC |9 263375 | |
| 650 | 0 | |a Prevención de accidentes |9 262912 | |
| 650 | 0 | |a Navegación |9 255384 | |
| 651 | 7 | |a CHILE |2 CL-VaPUC |9 475570 | |
| 583 | |a last modification |c 20030411 00:00:00 |k Rodrigo Vera | ||
| 999 | |c 303527 |d 303525 | ||
| 952 | |0 0 |1 0 |4 0 |6 629_042000000000000_DIR_1999 |7 0 |8 CCM |9 364877 |a BIBCUR |b BIBCUR |d 2019-11-21 |i 3894592 |o 629.042 DIR 1999 |p 3894592 |r 2025-04-22 |w 2019-11-21 |y BK |k CIM | ||